Institutional neurosis. (Record no. 148820)
[ view plain ]
| 000 -LEADER | |
|---|---|
| fixed length control field | 00906cam7a220028900 4500 |
| 001 - CONTROL NUMBER | |
| control field | qce01945378 |
| 005 - DATE AND TIME OF LATEST TRANSACTION | |
| control field | 20190823103132.0 |
| 008 - FIXED-LENGTH DATA ELEMENTS--GENERAL INFORMATION | |
| fixed length control field | 811228c19601959enk 000 0 eng u |
| 035 ## - SYSTEM CONTROL NUMBER | |
| System control number | (Sirsi) r56802 |
| 035 ## - SYSTEM CONTROL NUMBER | |
| System control number | (QCAT)lss03272679 |
| 035 ## - SYSTEM CONTROL NUMBER | |
| System control number | (UPRA)qce01945378 |
| 040 ## - CATALOGING SOURCE | |
| Modifying agency | UPRA |
| 100 1# - MAIN ENTRY--PERSONAL NAME | |
| Personal name | Barton, Russell. |
| Linkage | A15655.1 |
| 245 10 - TITLE STATEMENT | |
| Title | Institutional neurosis. |
| 260 ## - PUBLICATION, DISTRIBUTION, ETC. | |
| Place of publication, distribution, etc. | Bristol : |
| Name of publisher, distributor, etc. | Wright, |
| Date of publication, distribution, etc. | 1960, c1959. |
| 504 ## - BIBLIOGRAPHY, ETC. NOTE | |
| Bibliography, etc. note | Bibliography: p. 55-56. |
| 650 #0 - SUBJECT ADDED ENTRY--TOPICAL TERM | |
| Topical term or geographic name entry element | Psychiatric hospitals. |
| Linkage | S7184.1 |
| 650 #0 - SUBJECT ADDED ENTRY--TOPICAL TERM | |
| Topical term or geographic name entry element | Mentally ill -- Care. |
| General subdivision | Mentally ill -- Care. |
| Linkage | S7183.1 |
| 650 #0 - SUBJECT ADDED ENTRY--TOPICAL TERM | |
| Topical term or geographic name entry element | Social isolation. |
| Linkage | S11259.1 |
| 650 #2 - SUBJECT ADDED ENTRY--TOPICAL TERM | |
| Topical term or geographic name entry element | Environment |
| Linkage | S6993.1 |
| 650 #2 - SUBJECT ADDED ENTRY--TOPICAL TERM | |
| Topical term or geographic name entry element | Hospitals, Psychiatric |
| Linkage | S11260.1 |
| 650 #2 - SUBJECT ADDED ENTRY--TOPICAL TERM | |
| Topical term or geographic name entry element | Neurotic Disorders |
| Linkage | S11261.1 |
| 650 #2 - SUBJECT ADDED ENTRY--TOPICAL TERM | |
| Topical term or geographic name entry element | Psychotherapy |
| Linkage | S11262.1 |
| 650 #2 - SUBJECT ADDED ENTRY--TOPICAL TERM | |
| Topical term or geographic name entry element | Social Isolation |
| Linkage | S11259.2 |
| 949 ## - LOCAL PROCESSING INFORMATION (OCLC) | |
| a | RC439 |
| w | lcc |
| i | -73965 |
| m | MAIN |
| t | BOOK |
| l | ON-SHELF |
No items available.